Pink Floyd Image-Song Quiz - Statistics

General Stats
  • This quiz has been taken 196 times
  • The average score is 6 of 17
Answer Stats
Picture Answer % Correct
Sheep
80%
The Scarecrow
66%
Alan's Psychedelic Breakfast
62%
Stop
53%
See Saw
41%
Obscured By Clouds
40%
On the run
40%
Dogs of War
39%
Mudmen
34%
The Nile Song
33%
Set The Controls for the Heart of the Sun
30%
Shine On You Crazy Diamond
23%
Absolutely Curtains
20%
Get Your Filthy Hands off my Desert
14%
Burning Bridges
11%
Lost For Words
6%
On Noodle Street
4%
No matching quizzes found
Score Distribution
Percent of People with Each Score
Percentile by Number Answered
Your Score History
You have not taken this quiz